Sports Quiz

Random Sports Quiz

Top 20 giro d'italia cyclists ('80-'89) Quiz Stats

 Plays Quiz not verified by Sporcle

Score 0/200 Timer 10:00
0 Plays Today
% Correct
Laurent Fignon
97.4%
Laurent Fignon
97.4%
Lauerent Fignon
97.4%
Bernard Hinault
97%
Bernard Hinault
97%
Bernard Hinault
97%
Stephen Roche
96.4%
Stephen Roche
96.4%
Francesco Moser
95%
Francesco Moser
95%
Francesco Moser
95%
Francesco Moser
95%
Andrew Hampsten
93.7%
Andrew Hampsten
93.7%
Andrew Hampsten
93.7%
Greg Lemond
91.7%
Greg Lemond
91.7%
Pedro Delgado
89.1%
Giuseppe Saronni
88.8%
Giuseppe Saronni
88.8%
Giuseppe Saronni
88.8%
Giuseppe Saronni
88.8%
Giuseppe Saronni
88.8%
Giuseppe Saronni
88.8%
Giuseppe Saronni
88.8%
Beat Breu
84.8%
Beat Breu
84.8%
Beat Breu
84.8%
Erik Breukink
83.8%
Erik Breukink
83.8%
Erik Breukink
83.8%
Roberto Visentini
82.8%
Roberto Visentini
82.8%
Roberto Visentini
82.8%
Roberto Visentini
82.8%
Roberto Visentini
82.8%
Roberto Visentini
82.8%
Giovanni Battaglin
80.5%
Giovanni Battaglin
80.5%
Luis Herrera
79.9%
Lucien Van Impe
77.6%
Lucien van Impe
77.6%
Lucien van Impe
77.6%
Lucien van Impe
77.6%
Moreno Argentin
76.2%
Moreno Argentin
76.2%
Robert Millar
75.6%
Franco Chioccioli
73.3%
Franco Chioccioli
73.3%
Franco Chioccioli
73.3%
Franco Chioccioli
73.3%
Franco Chioccioli
73.3%
Franco Chioccioli
73.3%
Marino Lejarreta
69.6%
Marino Lejarreta
69.6%
Marino Lejarreta
69.6%
Marino Lejarreta
69.6%
Marino Lejarreta
69.6%
Urs Zimmermann
66%
Urs Zimmermann
66%
Peter Winnen
65%
Peter Winnen
65%
Johan Van der Velde
64.7%
Johan van der Velde
64.7%
Johan van der Velde
64.7%
Gianbattista Baronchelli
63.4%
Gianbattista Baronchelli
63.4%
% Correct
Gianbattista Baronchelli
63.4%
Gianbattista Baronchelli
63.4%
Gianbattista Baronchelli
63.4%
Gianbattista Baronchelli
63.4%
Claude Criquielion
63.4%
Roberto Conti
62.4%
Roberto Conti
62.4%
Marco Giovannetti
61.7%
Marco Giovannetti
61.7%
Marco Giovannetti
61.7%
Marco Giovannetti
61.7%
Marco Giovannetti
61.7%
Jean-Francois Bernard
60.4%
Tommy Prim
59.4%
Tommy Prim
59.4%
Tommy Prim
59.4%
Tommy Prim
59.4%
Tommy Prim
59.4%
Phil Anderson
59.4%
Phil Anderson
59.4%
Alberto Fernandez
53.8%
Alberto Fernandez
53.8%
Silvano Contini
52.5%
Silvano Contini
52.5%
Silvano Contini
52.5%
Silvano Contini
52.5%
Jean-Rene Bernaudeau
50.8%
Jean-Rene bernaudeau
50.8%
Alvaro Pino
50.8%
Didi Thurau
50.2%
Didi Thurau
50.2%
Didi Thurau
50.2%
Wladimiro Panizza
49.5%
Eduardo Chozas
49.5%
Eduardo Chozas
49.5%
Wladimiro Panizza
49.5%
Eduardo Chozas
49.5%
Wladimiro Panizza
49.5%
Wladimiro Panizza
49.5%
Piotr Ugrumov
49.5%
Mario Beccia
48.2%
Mario Beccia
48.2%
Mario Beccia
48.2%
Mario Beccia
48.2%
Mario Beccia
48.2%
Mario Beccia
48.2%
Mario Beccia
48.2%
Marc Madiot
47.9%
Pedro Munoz Rodriguez
47.2%
Pedro Munoz Rodriguez
47.2%
Flavio Giupponi
46.5%
Flavio Giupponi
46.5%
Raul Alcala
46.5%
Flavio Giupponi
46.5%
Steve Bauer
44.9%
Faustino Ruperez
44.6%
Faustino Ruperez
44.6%
Faustino Ruperez
44.6%
Faustino Ruperez
44.6%
Claudio Corti
42.9%
Josef Fuchs
41.6%
Josef Fuchs
41.6%
Acacio Da Silva
40.6%
Knud Knudsen
38.9%
Pedro Munoz
38.9%
Vladimir Poulnikov
38.9%
Niki Ruttimann
37.3%
% Correct
Eddy Schepers
35.6%
Eddy Schepers
35.6%
Eddy Schepers
35.6%
Eddy Schepers
35.6%
Dag-Erik Pedersen
35.3%
Alfio Vandi
35%
Alfio Vandi
35%
Alfio Vandi
35%
Alberto Volpi
35%
Alfio Vandi
35%
Alberto Volpi
35%
Stefano Tomasini
34.7%
Massimo Ghirotto
32.7%
Marco Groppo
32%
Jon Unzaga Bombin
32%
Martial Gayant
31.4%
Claudio Bortolotto
31%
Luciano Loro
30.7%
Alfredo Chinetti
30.7%
Luciano Loro
30.7%
Luciano Loro
30.7%
Alfredo Chinetti
30.7%
Gerhard Zadrobilek
30.7%
Emanuele Bombini
30.4%
Emanuele Bombini
30.4%
Emanuele Bombini
30.4%
Bruno Leali
29.4%
Bruno Leali
29.4%
Michael Wilson
29.4%
Michael Wilson
29.4%
Franco Vona
29.4%
Franco Vona
29.4%
Stefano Colage
28.7%
Maurizio Vandelli
28.7%
Czeslaw Lang
27.7%
Alessandro Paganessi
27.4%
Leonardo Natale
26.1%
Miguel-Maria Lasa
26.1%
Leonardo Natale
26.1%
Leonardo Natale
26.1%
Marino Amadori
26.1%
Jose-Luis Navarro
26.1%
Claudio Savini
26.1%
Gody Schmutz
24.4%
Gody Schmutz
24.4%
Amilcare Sgalbazzi
24.4%
Jostein Wilmann
24.4%
Jorgen Marcussen
23.8%
Jokin Mujika
23.1%
Alessandro Pozzi
23.1%
Alessandro Pozzi
23.1%
Jokin Mujika
23.1%
Fabrizio Verza
22.8%
Roberto Ceruti
22.4%
Ennio Vanotti
22.1%
Antonio D'Alonzo
21.8%
Ennio Salvador
21.1%
Eric van Lancker
21.1%
Jesper Skibby
20.1%
Erwin Lienhard
19.5%
Jiri Skoda
19.5%
Primoz Cerin
18.5%
Giuseppe Faraca
18.2%
Guy Nulens
17.2%
Juan-Tomas Martinez Gutierrez
14.9%
Jesper Worre
14.2%

You're not logged in!

Compare scores with friends on all Sporcle quizzes.
OR
Log In

Show Comments

Extras

Created May 2, 2010SourceReportNominate
Tags:1980s, cyclist, ditalia, giro

Top Quizzes Today


Score Distribution

Your Account Isn't Verified!

In order to create a playlist on Sporcle, you need to verify the email address you used during registration. Go to your Sporcle Settings to finish the process.

Report this User

Report this user for behavior that violates our Community Guidelines.

Details: